| 000 | nam a22 7a 4500 | ||
|---|---|---|---|
| 999 |
_c336498 _d336498 |
||
| 003 | IT-MiCISF | ||
| 005 | 20170309153314.0 | ||
| 008 | 170309b xxu||||| |||| 00| 0 eng d | ||
| 040 |
_aIT-MiCISF _cIT-MiCISF |
||
| 041 | _ait | ||
| 100 |
_aSerra Piera (et al.) _956259 |
||
| 210 | _aMinori giustizia | ||
| 222 | _a11212845 | ||
| 245 | _aEssere genitori e figli di tutte le nuove combinazioni medico assistite (utero in affitto, ecc.) | ||
| 260 | _c2015 | ||
| 300 | _app. 1113-135 | ||
| 310 | _atrimestrale | ||
| 362 | _an. 2 | ||
| 500 | _agenitorialità, omosessualità, diritto, società | ||
| 650 |
_agenitorialità _956044 |
||
| 654 | _adossier | ||
| 700 |
_aBastianoni P. _aBaiamonte C. _aNocco A. _956260 |
||
| 942 |
_2ddc _cCR |
||